<?xml version="1.0" encoding="UTF-8"?><?xml-stylesheet type="text/xsl" href="static/style.xsl"?><OAI-PMH xmlns="http://www.openarchives.org/OAI/2.0/" xmlns:xsi="http://www.w3.org/2001/XMLSchema-instance" xsi:schemaLocation="http://www.openarchives.org/OAI/2.0/ http://www.openarchives.org/OAI/2.0/OAI-PMH.xsd"><responseDate>2026-04-14T04:10:01Z</responseDate><request verb="GetRecord" identifier="oai:www.recercat.cat:2117/422668" metadataPrefix="marc">https://recercat.cat/oai/request</request><GetRecord><record><header><identifier>oai:recercat.cat:2117/422668</identifier><datestamp>2026-01-29T01:13:34Z</datestamp><setSpec>com_2072_1033</setSpec><setSpec>col_2072_452949</setSpec></header><metadata><record xmlns="http://www.loc.gov/MARC21/slim" xmlns:dcterms="http://purl.org/dc/terms/" xmlns:xsi="http://www.w3.org/2001/XMLSchema-instance" xmlns:doc="http://www.lyncode.com/xoai" xsi:schemaLocation="http://www.loc.gov/MARC21/slim http://www.loc.gov/standards/marcxml/schema/MARC21slim.xsd">
   <leader>00925njm 22002777a 4500</leader>
   <datafield ind2=" " ind1=" " tag="042">
      <subfield code="a">dc</subfield>
   </datafield>
   <datafield ind2=" " ind1=" " tag="720">
      <subfield code="a">Pinto Fonseca, Thais</subfield>
      <subfield code="e">author</subfield>
   </datafield>
   <datafield ind2=" " ind1=" " tag="720">
      <subfield code="a">Guatelli, Igor</subfield>
      <subfield code="e">author</subfield>
   </datafield>
   <datafield ind2=" " ind1=" " tag="260">
      <subfield code="c">2024-12</subfield>
   </datafield>
   <datafield ind2=" " ind1=" " tag="520">
      <subfield code="a">The article analyzes the transformation of Galeria Olido, in downtown São Paulo, from an interstitial corridor into a cultural center. This change has redefined its role in the city, connecting different moments and offering an educational-cultural program. The text discusses the processes of des-territorialization proposed by Deleuze and Guattari, highlighting how places can be modified over time. It also explores the differences between reterritorialization promoted by the State through public policies and that initiated by the population or the market. Thus, it investigates whether the remodeled gallery suggests the creation of a new common public space or a renewal of the urban space's collectivization.</subfield>
   </datafield>
   <datafield ind2=" " ind1=" " tag="520">
      <subfield code="a">O artigo analisa a transformação da Galeria Olido, no centro de São Paulo, de um corredor intersticial em um centro cultural. Essa mudança redefiniu seu papel na cidade, conectando diferentes momentos e oferecendo uma programação educativa-cultural. O texto discute os processos de des-reterritorialização propostos por Deleuze e Guattari, destacando como lugares podem ser modificados com o tempo. Também explora as diferenças entre a reterritorialização promovida pelo Estado, através de políticas públicas e aquela iniciada pela população ou pelo mercado. Assim, investiga se a galeria remodelada sugere a criação de um novo espaço público comum ou uma renovação da coletivização do espaço urbano.</subfield>
   </datafield>
   <datafield ind2=" " ind1=" " tag="520">
      <subfield code="a">Peer Reviewed</subfield>
   </datafield>
   <datafield tag="653" ind2=" " ind1=" ">
      <subfield code="a">Galerias comerciais</subfield>
   </datafield>
   <datafield tag="653" ind2=" " ind1=" ">
      <subfield code="a">Relação do espaço público e privado</subfield>
   </datafield>
   <datafield tag="653" ind2=" " ind1=" ">
      <subfield code="a">Gestão pública</subfield>
   </datafield>
   <datafield tag="653" ind2=" " ind1=" ">
      <subfield code="a">Reterritorialização e ressignificação das galerias</subfield>
   </datafield>
   <datafield tag="653" ind2=" " ind1=" ">
      <subfield code="a">Commercial galleries</subfield>
   </datafield>
   <datafield tag="653" ind2=" " ind1=" ">
      <subfield code="a">Relationship between public and private space</subfield>
   </datafield>
   <datafield tag="653" ind2=" " ind1=" ">
      <subfield code="a">Public administration</subfield>
   </datafield>
   <datafield tag="653" ind2=" " ind1=" ">
      <subfield code="a">Reterritorialization and resignification of galleries</subfield>
   </datafield>
   <datafield ind2="0" ind1="0" tag="245">
      <subfield code="a">Consequências da des-reterritorialização das galerias comerciais de passagem em São Paulo: o caso da Galeria Olido</subfield>
   </datafield>
</record></metadata></record></GetRecord></OAI-PMH>